Physics for scientists and engineers

Gespeichert in:
Bibliographische Detailangaben
1. Verfasser: Lind, Gordon (autor)
Format: Buch
Sprache:Englisch
Veröffentlicht: Orlando Harcourt Brace College 1996
Ausgabe:4a. ed
Schlagworte:
Tags: Tag hinzufügen
Keine Tags, Fügen Sie den ersten Tag hinzu!

MARC

LEADER 00000nam a2200000 a 4500
001 UCU4964
003 CL-VaPUC
008 960531e19960000US |||||||||||||||||eng|d
082 0 4 |a 530  |b LIN  |2 21 
100 |a Lind, Gordon  |e autor  |9 362779 
245 1 0 |a Physics for scientists and engineers 
250 |a 4a. ed 
300 |a 454 p 
942 |c BK 
945 |d 19960531 00:00:00  |a rleighto 
260 |a Orlando  |b Harcourt Brace College  |c 1996 
650 0 |a Física   |9 227844 
650 0 |a Velocidad  |9 311814 
650 0 |a Vectores  |9 317184 
650 7 |a LEYES DE NEWTON  |2 CL-VaPUC  |9 354936 
650 0 |a Energía   |9 259431 
650 0 |a Estática  |9 260452 
650 0 |a Equilibrio  |9 362780 
650 7 |a ELASTICIDAD  |2 CL-VaPUC  |9 266503 
650 0 |a Gravitación   |9 332312 
650 7 |a FLUIDOS MECANICOS  |2 CL-VaPUC  |9 355238 
650 7 |a TEMPERATURA  |2 CL-VaPUC  |9 362781 
650 7 |a CAMPOS ELECTRICOS  |2 CL-VaPUC  |9 362782 
650 7 |a CAMPOS MAGNETICOS  |2 CL-VaPUC  |9 362783 
650 0 |a Electromagnetismo   |9 260123 
650 0 |a Mecánica cuántica  |9 306806 
650 7 |a SUPERCONDUCTIVIDAD  |2 CL-VaPUC  |9 314465 
583 |a last modification  |c 19960531 00:00:00  |k Rodrigo Vera 
999 |c 248488  |d 248486